| 000 | 00588nam a2200133Ia 4500 | ||
|---|---|---|---|
| 008 | 171212s9999 xx 000 0 und d | ||
| 020 | _a9780874216370 | ||
| 100 | _aHolt, Ronald L | ||
| 245 |
_cHolt, Ronald L _aBeneath These Red Cliffs _bAn Ethnohistory of the Utah Paiutes |
||
| 260 |
_bUniversity Press of Colorado _c2006 |
||
| 650 | _aHistory | ||
| 650 | _aPaiute Indians -- History -- Sources; Paiute Indians -- Government relations; Paiute Indians -- Social conditions; Mormons -- History -- Sources; Mormons -- Social conditions | ||
| 856 | _uwww.jstor.org/stable/10.2307/j.ctt4cgptt | ||
| 999 |
_c353036 _d353036 |
||